000 00757nam a2200277Ia 4500
003 OSt
005 20220928115920.0
006 a|||||r|||| 00| 0
007 ta
008 220927b |||||||| |||| 00| 0 eng d
024 _a25309
037 _cTextual
040 _aSDCL
_cSDCL
_beng
041 _2eng
_aeng
082 _aL7, P8
100 _aGereau Robert W Ed.
_9446732
245 0 _aGlutamate receptors.
260 _aTotowa
_bHumana Press
_c2008
300 _axi,576p.
_ccm.
490 _aReceptors
650 _a Glutamate
_9446733
650 _aGereau Robert W
_9446734
700 _a Swanson Geoffrey T Ed.
_9446735
942 _hL7, P8
_cTEXL
_2CC
999 _c761465
_d761465